Top 20 countries by GDP in 1961 - Statistics

General Stats
  • This quiz has been taken 102 times
  • The average score is 16 of 20
Answer Stats
Top Answer % Correct
2 United Kingdom
100%
1 United States
100%
3 France
96%
4 Japan
96%
7 Canada
93%
6 Italy
90%
13 Spain
90%
9 Australia
88%
5 China
87%
8 India
87%
11 Brazil
85%
12 Mexico
83%
14 Netherlands
82%
15 Belgium
78%
16 Switzerland
76%
10 Sweden
74%
20 Austria
72%
18 Turkey
72%
19 South Africa
54%
17 Venezuela
37%
No matching quizzes found
Score Distribution
Percent of People with Each Score
Percentile by Number Answered
Your Score History
You have not taken this quiz